000 00176nam a2200073Ia 4500
008 170524s9999 xx 000 0 und d
100 _aBASANDRA- S K
245 0 _aCOMPUTER TODAY
260 _bGALGOTIA PUB. HOUSE
999 _c8287
_d8287